00613nam a2200193Ia 4500003000900000008004100009040001600050080001900066100003400085245004800119260003800167300001500205650003300220650001900253650003000272942000700302999001500309952009500324IN-BaIIA211028s9999 xx 000 0 eng d cIIA Library a517.925.4bMAC aMacduffee, Cyrus Colton93029 0aTheory of equationscCyrus Colton MacDuffee aNew YorkbJohn Wiley & Sonsc1954 avii, 120p. aDifferential equations91510 aNASA Thesaurus aTheory of equations93030 cBK c1495d1495 00104070aBANbBANcGENd0000-00-00l0o517.925.4/ MACp1612r2021-11-05w0000-00-00yBK